书目信息 |
| 题名: |
Linux操作系统内核实习
|
|
| 作者: | 纳特, , 纳特 著 ;潘登 , 冯锐 , 陆丽娜 译 | |
| 分册: | ||
| 出版信息: | 北京 机械工业出版社 2004.09 |
|
| 页数: | 162页 | |
| 开本: | 26cm | |
| 丛书名: | 国外经典教材 | |
| 单 册: | ||
| 中图分类: | TP316.81 | |
| 科图分类: | ||
| 主题词: | Linux操作系统--linux cao zuo xi tong | |
| 电子资源: | ||
| ISBN: | 7-111-09181-7 | |
| 000 | 01231nam 2200373 450 | |
| 001 | CAL 012002062663 | |
| 005 | 20050703161422.58 | |
| 010 | @a7-111-09181-7@dCNY 29.00 | |
| 010 | @a7-980007-34-4@b光盘 (2片) | |
| 099 | @aCAL 012002062663 | |
| 100 | @a20020315d2004 em y0chiy0121 ea | |
| 101 | 1 | @achi@ceng |
| 102 | @aCN@b110000 | |
| 105 | @aak a 000yy | |
| 200 | 1 | @aLinux操作系统内核实习@Alinux cao zuo xi tong nei he shi xi@d= Kernel projects for Linux@f(美)纳特著@F(mei)na te zhu@g潘登, 冯锐, 陆丽娜等译@zeng |
| 210 | @a北京@c机械工业出版社@d2004.09 | |
| 215 | @a162页@c图@d26cm@e光盘2片 | |
| 225 | 2 | @a国外经典教材@Aguo wai jing dian jiao cai |
| 320 | @a有书目 (第161-162页) | |
| 410 | 0 | @12001 @a国外经典教材 |
| 510 | 1 | @aKernel projects for Linux@zeng |
| 606 | 0 | @aLinux操作系统@Alinux cao zuo xi tong |
| 690 | @aTP316.81@v4 | |
| 701 | 1 | @a纳特,@Ana te@bG.@g(Nutt, Gary)@4著 |
| 701 | 0 | @a纳特@Ana te@4著 |
| 702 | 0 | @a潘登@Apan deng@4译 |
| 702 | 0 | @a冯锐@Afeng rui@4译 |
| 702 | 0 | @a陆丽娜@Alu li na@4译 |
| 801 | 0 | @aCN@bGLF@c20050703 |
| 801 | 2 | @aCN@bBUA@c20020402 |
| 801 | 2 | @aCN@bNUL@c20020418 |
| 905 | @a10447@dTP316.81@eN040 | |
| 906 | @dCNY29.00 (含光盘@n0@r1 | |
| 998 | @aBUA | |
| Linux操作系统内核实习= Kernel projects for Linux/(美)纳特著/潘登, 冯锐, 陆丽娜等译.-北京:机械工业出版社,2004.09 |
| 162页:图;26cm+光盘2片.-(国外经典教材) |
| ISBN 7-111-09181-7:CNY 29.00 |
| ● |
| 相关链接 |
|
|
|
正题名:Linux操作系统内核实习
索取号:TP316.81/N040
 
预约/预借
| 序号 | 登录号 | 条形码 | 馆藏地/架位号 | 状态 | 备注 |
| 1 | 550555 | 205505559 | 自科库301/301自科库 58排2列1层/ [索取号:TP316.81/N040] | 在馆 | |
| 2 | 550556 | 205505568 | 自科库301/301自科库 55排3列4层/ [索取号:TP316.81/N040] | 在馆 | |
| 3 | 550557 | 205505577 | 自科库301/301自科库 58排2列1层/ [索取号:TP316.81/N040] | 在馆 |